Relatorio da Coordenadoria de Defesa Sanitaria Animal - 1977 [Veterinaria; Higiene; Doenca animal; Aftosa; Brucelose; Raiva; Brasil] (Registro n. 268205)
[ somente texto ]
| 000 -LÍDER | |
|---|---|
| campo de controle de tamanho fixo | 01166nac a22003257a 4500 |
| 001 - NÚMERO DE CONTROLE | |
| campo de controle | BR7803661 |
| 003 - IDENTIFICADOR DO NÚMERO DE CONTROLE | |
| campo de controle | BR-BrBNA |
| 005 - DATA E HORÁRIO DA ÚLTIMA TRANSAÇÃO | |
| campo de controle | 20240105114235.0 |
| 008 - CAMPO DE DADOS FIXOS--INFORMAÇÃO GERAL | |
| campo de controle de tamanho fixo | 230509b bl.|||m| |||| 00| 0 por d |
| 040 ## - FONTE DA CATALOGAÇÃO | |
| Instituição da catalogação original | BR-BrBNA |
| Idioma da catalogação | por |
| Instituição que transcreveu o registro | Biblioteca Nacional de Agricultura |
| 072 ## - CÓDIGO DE CATEGORIA DE ASSUNTO | |
| Código de Categoria de Assunto | L70; L73 |
| 090 ## - NÚMERO DE CHAMADA LOCAL | |
| Número de chamada | 4100 BR7803661 |
| 110 1# - ENTRADA PRINCIPAL--NOME CORPORATIVO | |
| Nome corporativo ou nome da jurisdição | Secretaria de Estado da Agricultura, Curitiba, PR (Brasil). Depto. de Fiscalizacao. Coordenadoria de Defesa Sanitaria Animal |
| 9 (RLIN) | 8822 |
| 245 1# - TÍTULO | |
| Título | Relatorio da Coordenadoria de Defesa Sanitaria Animal - 1977 [Veterinaria; Higiene; Doenca animal; Aftosa; Brucelose; Raiva; Brasil] |
| 260 3# - PUBLICAÇÃO, DISTRIBUIÇÃO, ETC. | |
| Local de publicação, distribuição, etc. | Curitiba, PR (Brasil): |
| Data da publicação, distribuição, etc. | 1978. |
| 300 ## - DESCRIÇÃO FÍSICA | |
| Extensão | 59 p. |
| 490 ## - TÍTULO DA SÉRIE | |
| Título da série | Relatorio - Secretaria de Estado da Agricultura. Depto. de Fiscalizacao. Coordenadoria de Defesa Sanitaria Animal (Brazil) |
| Número do volume ou designação sequencial da série | |
| ISSN - International Standard Serial Number | |
| 500 ## - NOTA GERAL | |
| Nota geral | Numerical data |
| 650 ## - ASSUNTO--TERMO TÓPICO | |
| Cabeçalho tópico ou nome geográfico | Veterinaria |
| 650 ## - ASSUNTO--TERMO TÓPICO | |
| Cabeçalho tópico ou nome geográfico | Higiene |
| 650 ## - ASSUNTO--TERMO TÓPICO | |
| Cabeçalho tópico ou nome geográfico | Doenca animal |
| 650 ## - ASSUNTO--TERMO TÓPICO | |
| Cabeçalho tópico ou nome geográfico | Aftosa |
| 650 ## - ASSUNTO--TERMO TÓPICO | |
| Cabeçalho tópico ou nome geográfico | Brucelose |
| 650 ## - ASSUNTO--TERMO TÓPICO | |
| Cabeçalho tópico ou nome geográfico | Raiva |
| 650 ## - ASSUNTO--TERMO TÓPICO | |
| Cabeçalho tópico ou nome geográfico | Defesa animal |
| 650 ## - ASSUNTO--TERMO TÓPICO | |
| Cabeçalho tópico ou nome geográfico | Educacao veterinaria |
| 650 ## - ASSUNTO--TERMO TÓPICO | |
| Cabeçalho tópico ou nome geográfico | Vacina |
| 909 ## - | |
| -- | 202312 |
| -- | Lúcia Elande |
| -- | 55 |
| -- | Lúcia Elande |
| 942 ## - ELEMENTOS DE ENTRADA ADICIONADOS (KOHA) | |
| Fonte da classificação ou esquema de arquivamento na estante | Classificação AGRIS |
| Ocultar no OPAC | Não |
| Tipo de material Koha | Monografia Seriada |
| Situação do descarte | Fonte da classificação ou esquema de arquivamento na estante | Situação física | Não pode ser emprestado | Coleção | Biblioteca de origem | Biblioteca atual | Localização na estante | Total de empréstimos | Número de telefone completo | Código de barras | Data de último acesso | Tipo de material Koha | Fonte de aquisição |
|---|---|---|---|---|---|---|---|---|---|---|---|---|---|
| Classificação AGRIS | Biblioteca Nacional de Agricultura - Binagri | Biblioteca Nacional de Agricultura - Binagri | Agrobase - Acervo Geral | 4100 BR7803661 | 4100 BR7803661 | 18/12/2023 | Monografia Seriada | Portaria Interministerial nº 164/94 |

BINAGRI